000 01264cad a22002175a 4500
001 L141644
005 20250909131040.0
008 071207s2007 xxk f 000 0 eng d
035 _a(Sirsi) u141644
041 0 _aeng
050 0 4 _a333.0062 $2 18
110 2 _aRoyal Institution of Chartered Surveyors
_94900
245 0 0 _aConflicts of interest in secured lending valuations
_ba consultation paper
260 _aLondon
_bRICS
_c2007
520 _aThis consultation seeks feedback from RICS members on the proposed updated guidance to valuers worldwide on handling conflicts of interest. Aims to review whether RICS standards support sufficient objectivity and independence in valuations for loan security and maintain public confidence. Notes there is some anecdotal evidence to show that there is a considerable degree of inconsistency among lenders and valuers in how they comply with the Red Book rules. Includes some key questions to help direct your comments. Consultation responses are required by 24 February 2008.
590 _aKA
651 4 _aInternational
690 _aABOUT RICS-RICS PROFESSIONAL REGULATION AND CONSUMER PROTECTION-RICS RULES OF CONDUCT
690 _aMANAGEMENT-BUSINESS MANAGEMENT-PROFESSIONAL PRACTICE
942 _n0
_2ddc
999 _c107720
_d107720